[Event "MSR_ch16"]
[Site "?"]
[Date "2024.04.08"]
[Round "5.10"]
[White "Polomsky, Tomas"]
[Black "Jura, Michal"]
[Result "1-0"]
[BlackElo "1822"]
[WhiteElo "1951"]
[LiveChessVersion "1.4.8"]

1. Nf3 {[%clk 1:30:57]} d5 {[%clk 1:29:41]} 2. g3 {[%clk 1:31:06]} g6
{[%clk 1:29:45]} 3. Bg2 {[%clk 1:31:34]} Bg7 {[%clk 1:30:09]} 4. O-O
{[%clk 1:31:53]} Nf6 {[%clk 1:30:33]} 5. d4 {[%clk 1:31:37]} O-O {[%clk 1:30:44]}
6. Nbd2 {[%clk 1:29:07]} Nbd7 {[%clk 1:25:21]} 7. b3 {[%clk 1:27:59]} c5
{[%clk 1:24:01]} 8. e3 {[%clk 1:22:10]} b6 {[%clk 1:11:48]} 9. Bb2
{[%clk 1:20:52]} Ba6 {[%clk 1:11:58]} 10. Re1 {[%clk 1:16:09]} Rc8
{[%clk 1:10:06]} 11. Ne5 {[%clk 1:09:21]} c4 {[%clk 1:05:30]} 12. bxc4 dxc4
{[%clk 1:05:46]} 13. Nc6 {[%clk 1:02:33]} Qe8 {[%clk 1:01:24]} 14. Ba3
{[%clk 1:00:21]} Rxc6 {[%clk 0:43:32]} 15. Bxc6 {[%clk 1:00:42]} Qd8 16. c3
{[%clk 0:57:45]} Re8 {[%clk 0:42:08]} 17. Qa4 {[%clk 0:57:14]} Qc8
{[%clk 0:39:25]} 18. Nxc4 {[%clk 0:51:21]} Bxc4 {[%clk 0:37:25]} 19. Qxc4
{[%clk 0:51:10]} e5 {[%clk 0:37:15]} 20. Qa4 {[%clk 0:47:14]} exd4
{[%clk 0:34:36]} 21. cxd4 {[%clk 0:46:02]} 1-0

[Event "MSR_ch16"]
[Site "?"]
[Date "2024.04.08"]
[Round "5.11"]
[White "Kapinaj, Matus"]
[Black "Hozlar, Michal"]
[Result "1/2-1/2"]
[BlackElo "1696"]
[WhiteElo "1858"]
[LiveChessVersion "1.4.8"]

1. Nf3 {[%clk 1:30:49]} d5 {[%clk 1:30:35]} 2. g3 {[%clk 1:31:13]} Nf6
{[%clk 1:30:29]} 3. Bg2 {[%clk 1:31:38]} e6 {[%clk 1:28:18]} 4. b3
{[%clk 1:31:28]} c5 {[%clk 1:26:38]} 5. Bb2 {[%clk 1:31:47]} Nc6 {[%clk 1:26:02]}
6. d3 {[%clk 1:32:04]} Be7 {[%clk 1:22:32]} 7. Nbd2 {[%clk 1:31:59]} Qc7
{[%clk 1:17:35]} 8. O-O {[%clk 1:30:41]} O-O {[%clk 1:16:12]} 9. e4
{[%clk 1:30:58]} d4 {[%clk 1:14:31]} 10. a4 {[%clk 1:31:06]} e5 {[%clk 1:11:09]}
11. Nc4 {[%clk 1:29:58]} Bg4 {[%clk 1:09:41]} 12. h3 {[%clk 1:29:48]} Bxf3
{[%clk 1:05:56]} 13. Qxf3 {[%clk 1:30:02]} a6 {[%clk 1:05:04]} 14. a5
{[%clk 1:30:22]} Nd7 {[%clk 1:03:50]} 15. Qe2 {[%clk 1:29:54]} b5
{[%clk 0:58:45]} 16. axb6 {[%clk 1:26:05]} Nxb6 {[%clk 0:59:00]} 17. Nxb6
{[%clk 1:24:55]} Qxb6 {[%clk 0:56:57]} 18. f4 {[%clk 1:25:10]} f6
{[%clk 0:56:24]} 19. f5 {[%clk 1:25:32]} a5 {[%clk 0:54:33]} 20. Ra4
{[%clk 1:25:45]} Nb4 {[%clk 0:53:44]} 21. Kh2 {[%clk 1:25:10]} Rfd8
{[%clk 0:51:01]} 22. Rf2 {[%clk 1:20:46]} c4 {[%clk 0:49:49]} 23. bxc4
{[%clk 1:20:27]} Qc6 {[%clk 0:49:10]} 24. Ra1 {[%clk 1:19:50]} Ra7
{[%clk 0:48:28]} 25. Rff1 {[%clk 1:19:49]} Rda8 {[%clk 0:48:40]} 26. Ba3
{[%clk 1:19:33]} Qa4 {[%clk 0:47:00]} 27. c3 {[%clk 1:16:47]} dxc3
{[%clk 0:46:33]} 28. d4 {[%clk 1:16:33]} exd4 {[%clk 0:46:25]} 29. Bxb4
{[%clk 1:16:33]} Qxb4 {[%clk 0:46:38]} 30. e5 {[%clk 1:16:46]} Qb2
{[%clk 0:45:45]} 31. Qd3 {[%clk 1:15:41]} fxe5 {[%clk 0:45:20]} 32. Rfb1
{[%clk 1:15:34]} Qd2 {[%clk 0:44:57]} 33. Qxd2 {[%clk 1:14:44]} cxd2
{[%clk 0:45:22]} 34. Bxa8 {[%clk 1:14:07]} Rxa8 {[%clk 0:45:47]} 35. Rb5
{[%clk 1:13:18]} Ba3 {[%clk 0:45:39]} 36. Rd1 {[%clk 1:12:03]} Bc1
{[%clk 0:44:40]} 37. c5 {[%clk 1:10:50]} a4 {[%clk 0:44:44]} 38. c6
{[%clk 1:11:07]} Rc8 {[%clk 0:45:09]} 39. Rxe5 {[%clk 1:10:37]} Rxc6
{[%clk 0:45:22]} 40. Ra5 {[%clk 1:11:00]} a3 {[%clk 0:45:44]} 41. Kg2
{[%clk 1:10:32]} Rc3 {[%clk 0:45:06]} 42. Ra4 {[%clk 1:09:49]} d3
{[%clk 0:42:40]} 43. Kf3 {[%clk 1:08:06]} Rc5 {[%clk 0:42:32]} 44. Ke4
{[%clk 1:07:47]} Kf7 {[%clk 0:42:30]} 45. g4 {[%clk 1:07:50]} Kf6
{[%clk 0:42:53]} 46. h4 {[%clk 1:05:25]} Re5+ {[%clk 0:42:53]} 1/2-1/2

[Event "MSR_ch16"]
[Site "?"]
[Date "2024.04.08"]
[Round "5.12"]
[White "Kadela, Fedor"]
[Black "Libich, Oliver"]
[Result "1/2-1/2"]
[BlackElo "1857"]
[WhiteElo "1672"]
[LiveChessVersion "1.4.8"]

1. e4 {[%clk 1:30:58]} e5 {[%clk 1:30:59]} 2. Nf3 {[%clk 1:31:20]} Nc6
{[%clk 1:31:28]} 3. Bc4 {[%clk 1:31:42]} Nf6 {[%clk 1:31:50]} 4. d3
{[%clk 1:32:06]} Be7 {[%clk 1:32:12]} 5. O-O {[%clk 1:32:27]} d6 {[%clk 1:32:39]}
6. c3 {[%clk 1:32:40]} Bg4 {[%clk 1:33:01]} 7. Nbd2 {[%clk 1:32:58]} O-O
{[%clk 1:33:14]} 8. Re1 {[%clk 1:33:21]} Na5 {[%clk 1:33:04]} 9. Bb3
{[%clk 1:32:09]} Nxb3 {[%clk 1:33:03]} 10. Qxb3 {[%clk 1:32:37]} Rb8
{[%clk 1:33:19]} 11. h3 {[%clk 1:33:00]} Bh5 {[%clk 1:33:46]} 12. Qd1
{[%clk 1:33:26]} Re8 {[%clk 1:32:55]} 13. Nf1 {[%clk 1:33:46]} h6
{[%clk 1:30:46]} 14. Ng3 {[%clk 1:34:07]} Bg6 {[%clk 1:31:11]} 15. Nh4
{[%clk 1:34:09]} Bh7 {[%clk 1:31:35]} 16. Nhf5 {[%clk 1:34:17]} Bf8
{[%clk 1:31:56]} 17. Qf3 {[%clk 1:34:21]} d5 {[%clk 1:30:57]} 18. Be3
{[%clk 1:32:25]} c5 {[%clk 1:29:20]} 19. exd5 {[%clk 1:26:06]} Nxd5
{[%clk 1:29:23]} 20. Qg4 {[%clk 1:23:54]} Kh8 {[%clk 1:28:33]} 21. Bxc5
{[%clk 1:22:56]} Nf6 {[%clk 1:27:35]} 22. Qb4 {[%clk 1:21:31]} Qxd3
{[%clk 1:16:26]} 23. Bxf8 {[%clk 1:15:06]} Bxf5 {[%clk 1:15:12]} 24. Red1
{[%clk 1:08:12]} Rxf8 {[%clk 0:40:28]} 25. Rxd3 {[%clk 1:08:13]} Bxd3
{[%clk 0:40:54]} 26. Rd1 {[%clk 1:08:09]} e4 {[%clk 0:40:22]} 27. f3
{[%clk 1:06:53]} Rfe8 {[%clk 0:39:52]} 28. fxe4 {[%clk 1:07:07]} Bxe4
{[%clk 0:39:12]} 29. Nxe4 {[%clk 1:07:20]} Rxe4 {[%clk 0:39:39]} 30. Qa5
{[%clk 1:07:14]} a6 {[%clk 0:37:53]} 31. Rd8+ {[%clk 1:07:20]} Rxd8
{[%clk 0:38:13]} 32. Qxd8+ {[%clk 1:07:46]} Ng8 {[%clk 0:37:25]} 33. Qd5
{[%clk 1:07:33]} Re7 {[%clk 0:37:50]} 34. b4 {[%clk 1:07:26]} Kh7
{[%clk 0:36:08]} 35. a4 {[%clk 1:07:25]} Nf6 {[%clk 0:32:03]} 36. Qf5+
{[%clk 1:07:38]} Kg8 {[%clk 0:32:12]} 37. Qc8+ {[%clk 1:07:59]} Kh7
{[%clk 0:32:33]} 38. c4 {[%clk 1:08:09]} Ne8 {[%clk 0:21:08]} 39. c5
{[%clk 1:07:48]} Kg8 {[%clk 0:03:59]} 40. c6 {[%clk 1:06:37]} bxc6
{[%clk 0:04:27]} 41. Qxc6 {[%clk 1:06:59]} Nc7 {[%clk 0:03:33]} 42. Qd6
{[%clk 1:06:57]} Re1+ {[%clk 0:03:39]} 43. Kf2 {[%clk 1:07:15]} Rc1
{[%clk 0:04:00]} 44. b5 {[%clk 1:07:12]} axb5 {[%clk 0:03:20]} 45. axb5
{[%clk 1:07:19]} Nxb5 {[%clk 0:03:42]} 46. Qb8+ {[%clk 1:07:28]} Kh7
{[%clk 0:04:08]} 47. Qxb5 {[%clk 1:07:39]} g6 {[%clk 0:02:56]} 48. Qb7
{[%clk 1:06:51]} Rc2+ {[%clk 0:02:16]} 49. Ke3 {[%clk 1:06:44]} Kg7
{[%clk 0:02:22]} 50. g4 {[%clk 1:06:04]} Rc3+ {[%clk 0:01:25]} 51. Kf4
{[%clk 1:06:06]} Rxh3 {[%clk 0:01:06]} 52. Qb2+ {[%clk 1:06:35]} Kg8
{[%clk 0:01:11]} 53. Qf6 {[%clk 1:06:58]} Rh1 {[%clk 0:00:54]} 54. Qd8+
{[%clk 1:06:54]} Kg7 {[%clk 0:01:03]} 55. Qd4+ {[%clk 1:05:57]} Kg8
{[%clk 0:01:31]} 56. Qe4 {[%clk 1:04:02]} Rf1+ {[%clk 0:00:43]} 57. Ke5
{[%clk 1:04:21]} Ra1 {[%clk 0:29:51]} 58. Kd6 {[%clk 1:33:15]} Ra6+
{[%clk 0:30:08]} 59. Kd7 {[%clk 1:33:32]} Re6 {[%clk 0:30:07]} 60. Qa8+
{[%clk 1:33:54]} Kg7 {[%clk 0:30:23]} 61. Qa1+ {[%clk 1:33:47]} Kg8
{[%clk 0:30:15]} 62. Qh1 {[%clk 1:32:42]} Kg7 {[%clk 0:30:34]} 63. Qc1
{[%clk 1:32:39]} Kh7 {[%clk 0:29:42]} 1/2-1/2

[Event "MSR_ch16"]
[Site "?"]
[Date "2024.04.08"]
[Round "5.13"]
[White "Karaba, Rudolf"]
[Black "Earle, Dominic James"]
[Result "0-1"]
[BlackElo "1849"]
[WhiteElo "1640"]
[LiveChessVersion "1.4.8"]

1. c4 {[%clk 1:30:41]} d6 {[%clk 1:30:27]} 2. Nc3 {[%clk 1:30:59]} Nf6
{[%clk 1:30:52]} 3. d4 {[%clk 1:31:11]} g6 {[%clk 1:31:18]} 4. e4
{[%clk 1:31:26]} Bg7 {[%clk 1:31:43]} 5. Nf3 {[%clk 1:31:47]} O-O
{[%clk 1:32:07]} 6. Be2 {[%clk 1:32:05]} e5 {[%clk 1:32:27]} 7. O-O
{[%clk 1:31:47]} Nc6 {[%clk 1:32:52]} 8. d5 {[%clk 1:31:53]} Ne7 {[%clk 1:33:20]}
9. Be3 {[%clk 1:31:35]} Ng4 {[%clk 1:31:42]} 10. Qd3 {[%clk 1:29:05]} Nxe3 11.
fxe3 {[%clk 1:28:12]} Bh6 {[%clk 1:22:21]} 12. b4 {[%clk 1:25:06]} f5
{[%clk 1:19:50]} 13. a4 {[%clk 1:24:13]} fxe4 {[%clk 1:16:45]} 14. Nxe4
{[%clk 1:24:05]} Nf5 {[%clk 1:15:59]} 15. Kh1 {[%clk 1:22:51]} Nxe3
{[%clk 1:13:22]} 16. Rg1 {[%clk 1:18:06]} Bf5 {[%clk 1:11:27]} 17. Nfd2
{[%clk 1:17:28]} Ng4 {[%clk 1:06:02]} 18. Bxg4 {[%clk 1:14:46]} Bxg4
{[%clk 1:06:30]} 19. Rae1 {[%clk 1:13:06]} a5 {[%clk 1:03:52]} 20. b5
{[%clk 1:13:04]} b6 {[%clk 1:04:13]} 21. h3 {[%clk 1:12:39]} Bd7 {[%clk 1:04:16]}
22. g4 {[%clk 1:11:32]} Bf4 {[%clk 0:57:30]} 23. Nf3 {[%clk 1:09:26]} Qe7
{[%clk 0:55:37]} 24. h4 h6 {[%clk 0:47:47]} 25. Nf2 {[%clk 1:07:52]} Qh7
{[%clk 0:43:34]} 26. Nh3 {[%clk 1:07:42]} Rf7 {[%clk 0:41:23]} 27. Ref1
{[%clk 1:06:04]} Raf8 {[%clk 0:40:42]} 28. Rg2 {[%clk 1:05:48]} g5
{[%clk 0:34:50]} 29. Qe2 {[%clk 1:02:49]} gxh4 {[%clk 0:28:58]} 30. Rfg1
{[%clk 0:58:50]} Bg3 {[%clk 0:28:55]} 31. Nfg5 {[%clk 0:56:00]} hxg5
{[%clk 0:29:23]} 32. Nxg5 {[%clk 0:56:20]} Qg6 {[%clk 0:29:48]} 33. Nxf7
{[%clk 0:56:44]} Rxf7 {[%clk 0:30:16]} 34. c5 {[%clk 0:55:15]} Bxg4
{[%clk 0:28:44]} 35. Rxg3 {[%clk 0:53:55]} hxg3 {[%clk 0:29:05]} 36. Rxg3
{[%clk 0:54:20]} Bxe2 {[%clk 0:29:15]} 37. Rxg6+ {[%clk 0:54:43]} Kh7
{[%clk 0:29:39]} 38. Re6 {[%clk 0:54:15]} Bf3+ {[%clk 0:29:32]} 39. Kh2
{[%clk 0:54:24]} Bxd5 {[%clk 0:29:49]} 40. Re8 {[%clk 0:54:21]} dxc5
{[%clk 0:30:07]} 41. Rxe5 {[%clk 0:54:38]} Bb3 {[%clk 0:30:28]} 0-1

[Event "MSR_ch16"]
[Site "?"]
[Date "2024.04.08"]
[Round "5.14"]
[White "Slivinsky, Maxim"]
[Black "Carnecky, Viliam"]
[Result "1/2-1/2"]
[BlackElo "1789"]
[WhiteElo "1638"]
[LiveChessVersion "1.4.8"]

1. e4 {[%clk 1:30:54]} d6 {[%clk 1:30:47]} 2. d4 {[%clk 1:30:49]} Nf6
{[%clk 1:28:51]} 3. Nc3 {[%clk 1:30:53]} g6 {[%clk 1:27:53]} 4. Nf3
{[%clk 1:28:41]} c6 {[%clk 1:27:35]} 5. Be2 {[%clk 1:27:32]} Bg7 {[%clk 1:27:48]}
6. O-O {[%clk 1:26:52]} O-O {[%clk 1:28:07]} 7. Re1 {[%clk 1:25:34]} Nbd7
{[%clk 1:26:44]} 8. Bf4 {[%clk 1:17:54]} Nh5 {[%clk 1:23:14]} 9. Be3
{[%clk 1:11:14]} e5 {[%clk 1:16:30]} 10. d5 {[%clk 1:10:15]} Nb6 {[%clk 1:09:00]}
11. Qd2 {[%clk 1:02:13]} Bg4 {[%clk 1:06:23]} 12. b3 {[%clk 0:58:32]} Nf4
{[%clk 0:58:57]} 13. Bxf4 {[%clk 0:51:43]} exf4 {[%clk 0:58:52]} 14. Rad1
{[%clk 0:51:08]} Qf6 {[%clk 0:51:30]} 15. Nd4 {[%clk 0:44:58]} Bd7
{[%clk 0:44:41]} 16. Bf1 {[%clk 0:43:36]} c5 {[%clk 0:43:05]} 17. Nde2
{[%clk 0:43:10]} f3 {[%clk 0:42:47]} 18. gxf3 {[%clk 0:43:13]} Qxf3
{[%clk 0:42:26]} 19. Bg2 {[%clk 0:42:46]} Qf6 {[%clk 0:39:44]} 20. Nb1
{[%clk 0:37:24]} Bg4 {[%clk 0:39:31]} 21. c4 {[%clk 0:36:25]} Nd7
{[%clk 0:39:20]} 22. Rf1 {[%clk 0:33:26]} Qh4 {[%clk 0:32:58]} 23. f4
{[%clk 0:31:04]} Bd4+ {[%clk 0:20:41]} 24. Kh1 {[%clk 0:30:26]} Nf6
{[%clk 0:19:02]} 25. Nxd4 {[%clk 0:25:03]} Bxd1 {[%clk 0:19:03]} 26. Nf3
{[%clk 0:23:38]} Bxf3 {[%clk 0:19:11]} 27. Bxf3 {[%clk 0:24:02]} Nh5
{[%clk 0:17:30]} 28. Bxh5 {[%clk 0:24:17]} Qxh5 {[%clk 0:17:55]} 29. Nc3
{[%clk 0:24:27]} Rfe8 {[%clk 0:16:49]} 30. f5 {[%clk 0:24:16]} Qh4
{[%clk 0:14:16]} 31. Rf4 {[%clk 0:23:58]} Qg5 {[%clk 0:13:09]} 32. Qf2
{[%clk 0:23:59]} Re7 {[%clk 0:12:29]} 33. f6 {[%clk 0:23:06]} Re5
{[%clk 0:09:36]} 34. Nb5 {[%clk 0:23:25]} Rd8 {[%clk 0:09:16]} 35. Nxa7
{[%clk 0:20:07]} Qh5 {[%clk 0:08:42]} 36. Nb5 {[%clk 0:19:50]} Qd1+
{[%clk 0:08:56]} 37. Kg2 {[%clk 0:17:58]} Rg5+ {[%clk 0:08:36]} 38. Kh3
{[%clk 0:18:07]} Qd3+ {[%clk 0:07:23]} 39. Qf3 {[%clk 0:17:19]} Qb1
{[%clk 0:05:12]} 40. a4 {[%clk 0:16:04]} Qg1 {[%clk 0:05:07]} 41. Rh4
{[%clk 0:15:55]} Kh8 {[%clk 0:21:09]} 42. Nc7 {[%clk 0:45:11]} Rg8
{[%clk 0:17:01]} 43. Ne6 {[%clk 0:40:40]} Rh5 {[%clk 0:09:37]} 44. Rxh5
{[%clk 0:39:23]} gxh5 {[%clk 0:09:51]} 45. Ng7 {[%clk 0:39:21]} Qg5
{[%clk 0:07:49]} 1/2-1/2

[Event "MSR_ch16"]
[Site "?"]
[Date "2024.04.08"]
[Round "5.15"]
[White "Malina, Marko"]
[Black "Simunek, Matej"]
[Result "1-0"]
[BlackElo "1711"]
[WhiteElo "1000"]
[LiveChessVersion "1.4.8"]

1. e4 {[%clk 1:30:58]} e6 {[%clk 1:30:54]} 2. d4 {[%clk 1:31:21]} d5
{[%clk 1:31:18]} 3. Nd2 {[%clk 1:31:46]} Nf6 {[%clk 1:30:59]} 4. e5
{[%clk 1:32:07]} Nfd7 {[%clk 1:31:22]} 5. Bd3 {[%clk 1:32:24]} c5
{[%clk 1:31:46]} 6. c3 {[%clk 1:32:48]} Nc6 {[%clk 1:32:08]} 7. Ne2
{[%clk 1:33:05]} Be7 {[%clk 1:31:38]} 8. O-O {[%clk 1:32:52]} O-O
{[%clk 1:31:56]} 9. Nf3 {[%clk 1:31:54]} Qb6 {[%clk 1:24:13]} 10. Ng3
{[%clk 1:30:51]} f6 {[%clk 1:13:44]} 11. exf6 {[%clk 1:30:38]} Nxf6
{[%clk 1:10:58]} 12. Re1 {[%clk 1:27:37]} Bd6 {[%clk 1:08:52]} 13. b3
{[%clk 1:22:27]} Bd7 {[%clk 1:05:58]} 14. Ne5 {[%clk 1:21:38]} Qc7
{[%clk 0:58:20]} 15. Bf4 {[%clk 1:19:30]} cxd4 {[%clk 0:53:17]} 16. cxd4
{[%clk 1:18:43]} Nxd4 {[%clk 0:51:47]} 17. Nxd7 {[%clk 1:17:33]} Qxd7
{[%clk 0:50:38]} 18. Bxd6 {[%clk 1:17:36]} Qxd6 {[%clk 0:49:01]} 19. Bxh7+
{[%clk 1:17:29]} Nxh7 {[%clk 0:47:16]} 20. Qxd4 {[%clk 1:17:47]} Rf4
{[%clk 0:44:30]} 21. Rxe6 {[%clk 1:15:47]} Qxe6 {[%clk 0:21:27]} 22. Qxf4
{[%clk 1:15:57]} Nf6 {[%clk 0:18:21]} 23. h3 {[%clk 1:15:06]} Rc8
{[%clk 0:15:32]} 24. Qe3 {[%clk 1:14:36]} Qxe3 {[%clk 0:14:39]} 25. fxe3
{[%clk 1:14:56]} Rc2 {[%clk 0:14:50]} 26. Nf5 {[%clk 1:13:14]} Kf8
{[%clk 0:14:14]} 27. Nd4 {[%clk 1:12:59]} Rd2 {[%clk 0:13:01]} 28. Rc1
{[%clk 1:12:03]} Rxa2 {[%clk 0:11:15]} 29. Ne6+ {[%clk 1:11:02]} Kf7
{[%clk 0:08:53]} 30. Nd8+ {[%clk 1:11:12]} Ke7 {[%clk 0:09:09]} 31. Nxb7
{[%clk 1:11:22]} g5 {[%clk 0:09:16]} 32. Rc7+ {[%clk 1:10:43]} Ke6
{[%clk 0:08:13]} 33. g3 {[%clk 1:04:52]} Ne4 {[%clk 0:08:07]} 34. h4
{[%clk 0:58:11]} gxh4 {[%clk 0:04:04]} 35. gxh4 {[%clk 0:58:10]} Nf6
{[%clk 0:03:42]} 36. Rg7 {[%clk 0:52:57]} Ke5 {[%clk 0:01:53]} 37. h5
{[%clk 0:51:33]} Re2 {[%clk 0:01:10]} 38. Re7+ {[%clk 0:51:12]} Kf5
{[%clk 0:01:29]} 39. h6 {[%clk 0:51:30]} Ng4 {[%clk 0:01:22]} 40. h7
{[%clk 0:51:10]} Rh2 {[%clk 0:01:42]} 41. Rg7 {[%clk 0:50:49]} Rh4
{[%clk 0:23:24]} 42. Nd6+ {[%clk 1:19:14]} Kf6 {[%clk 0:17:01]} 43. Rg8
{[%clk 1:19:13]} Rxh7 {[%clk 0:16:18]} 44. Rxg4 {[%clk 1:19:32]} Ke5
{[%clk 0:15:20]} 45. Rg6 {[%clk 1:18:40]} Rd7 {[%clk 0:13:38]} 46. Ne8
{[%clk 1:17:50]} Rd8 {[%clk 0:09:36]} 47. Ng7 {[%clk 1:17:42]} d4
{[%clk 0:07:22]} 48. exd4+ {[%clk 1:17:51]} Rxd4 {[%clk 0:07:46]} 49. Re6+
{[%clk 1:16:29]} Kd5 {[%clk 0:07:17]} 50. Re7 {[%clk 1:16:51]} Rb4
{[%clk 0:06:43]} 51. Rxa7 {[%clk 1:14:54]} Rxb3 {[%clk 0:07:07]} 52. Kf2
{[%clk 1:15:01]} Kc6 {[%clk 0:06:39]} 53. Ra4 {[%clk 1:14:36]} Kd7
{[%clk 0:05:26]} 54. Ra6 {[%clk 1:14:59]} Ke7 {[%clk 0:04:07]} 55. Nf5+
{[%clk 1:15:17]} Kf7 {[%clk 0:04:07]} 56. Ne3 {[%clk 1:15:28]} Ke7
{[%clk 0:04:03]} 57. Kf3 {[%clk 1:15:50]} Kf7 {[%clk 0:04:11]} 58. Ke4
{[%clk 1:16:07]} Rb4+ {[%clk 0:04:16]} 59. Ke5 {[%clk 1:16:29]} Rb5+
{[%clk 0:04:20]} 60. Nd5 {[%clk 1:16:54]} Rb1 {[%clk 0:04:03]} 61. Kf5
{[%clk 1:17:04]} Rf1+ {[%clk 0:03:53]} 62. Nf4 {[%clk 1:17:27]} Ke7
{[%clk 0:01:23]} 63. Rb6 {[%clk 1:16:29]} Kd7 {[%clk 0:01:16]} 64. Rf6
{[%clk 1:15:18]} 1-0

[Event "MSR_ch16"]
[Site "?"]
[Date "2024.04.08"]
[Round "5.16"]
[White "Sujan, Daniel"]
[Black "Bersihand, Hugo Maria"]
[Result "1-0"]
[BlackElo "1513"]
[WhiteElo "1702"]
[LiveChessVersion "1.4.8"]

1. e4 {[%clk 1:30:57]} e5 {[%clk 1:30:59]} 2. Nf3 {[%clk 1:31:21]} Nf6
{[%clk 1:31:25]} 3. Nxe5 {[%clk 1:31:41]} d6 {[%clk 1:31:51]} 4. Nf3
{[%clk 1:32:03]} Nxe4 {[%clk 1:32:20]} 5. Nc3 {[%clk 1:32:05]} Nxc3
{[%clk 1:32:04]} 6. dxc3 {[%clk 1:32:28]} Be6 {[%clk 1:32:17]} 7. Nd4
{[%clk 1:31:03]} Bd7 {[%clk 1:31:10]} 8. Be3 {[%clk 1:30:00]} c5 {[%clk 1:28:24]}
9. Nf3 {[%clk 1:27:17]} h6 {[%clk 1:26:53]} 10. Bc4 {[%clk 1:25:56]} Qb6
{[%clk 1:22:48]} 11. b3 {[%clk 1:18:39]} Bb5 {[%clk 1:19:44]} 12. Bxb5+
{[%clk 1:17:36]} Qxb5 {[%clk 1:20:13]} 13. Qd3 {[%clk 1:17:47]} Qc6
{[%clk 1:19:28]} 14. c4 {[%clk 1:17:19]} Be7 {[%clk 1:16:00]} 15. O-O
{[%clk 1:15:33]} O-O {[%clk 1:16:12]} 16. Rfe1 {[%clk 1:12:28]} Na6
{[%clk 1:14:42]} 17. Bd2 {[%clk 1:11:47]} Bf6 {[%clk 1:13:43]} 18. c3
{[%clk 1:09:46]} Nb4 {[%clk 1:10:29]} 19. cxb4 {[%clk 1:08:05]} Bxa1
{[%clk 1:10:38]} 20. b5 {[%clk 1:07:36]} Qb6 {[%clk 1:08:21]} 21. Rxa1
{[%clk 1:07:52]} a6 {[%clk 1:08:40]} 22. a4 {[%clk 1:02:02]} axb5
{[%clk 1:07:16]} 23. cxb5 {[%clk 1:02:08]} Qc7 {[%clk 1:06:42]} 24. Bf4
{[%clk 1:00:10]} Rad8 {[%clk 1:05:26]} 25. Re1 {[%clk 0:54:48]} Rfe8
{[%clk 1:00:39]} 26. Rxe8+ {[%clk 0:47:34]} Rxe8 {[%clk 1:00:54]} 27. Bxd6
{[%clk 0:44:43]} Rd8 {[%clk 1:01:17]} 28. Bxc7 {[%clk 0:44:51]} Rxd3
{[%clk 1:01:46]} 29. Kf1 {[%clk 0:43:15]} Rxb3 {[%clk 1:01:49]} 30. Bb6
{[%clk 0:41:47]} c4 {[%clk 1:01:00]} 31. Ke2 {[%clk 0:41:34]} Rb4
{[%clk 1:00:49]} 32. a5 {[%clk 0:41:50]} Rxb5 {[%clk 1:01:10]} 33. Kd2
{[%clk 0:42:04]} f6 {[%clk 0:58:38]} 34. Kc3 {[%clk 0:41:58]} Rb3+
{[%clk 0:58:26]} 35. Kxc4 {[%clk 0:42:19]} Rb2 {[%clk 0:58:47]} 36. Kd5
{[%clk 0:42:08]} Rc2 {[%clk 0:57:28]} 37. Kd6 {[%clk 0:34:15]} Kf7
{[%clk 0:56:33]} 38. Kd7 {[%clk 0:34:12]} g5 {[%clk 0:55:12]} 39. g3
{[%clk 0:33:37]} Kg6 {[%clk 0:53:35]} 40. Nd2 {[%clk 0:31:01]} Rxd2+
{[%clk 0:49:56]} 41. Kc7 {[%clk 0:31:23]} Ra2 {[%clk 0:50:24]} 42. Kxb7
{[%clk 0:31:40]} Kh5 {[%clk 0:50:46]} 43. a6 {[%clk 0:31:23]} Kg4
{[%clk 0:51:09]} 44. a7 {[%clk 0:31:39]} Kh3 {[%clk 0:51:34]} 45. a8=Q
{[%clk 0:31:43]} Rxa8 {[%clk 0:52:00]} 46. Kxa8 {[%clk 0:32:07]} Kxh2
{[%clk 0:52:24]} 47. Kb7 {[%clk 0:30:38]} f5 {[%clk 0:51:58]} 48. Kc6
{[%clk 0:30:38]} f4 {[%clk 0:52:10]} 49. gxf4 {[%clk 0:30:50]} gxf4
{[%clk 0:52:22]} 50. Kd5 {[%clk 0:31:00]} Kh3 {[%clk 0:48:07]} 51. Ke4
{[%clk 0:30:53]} Kg4 {[%clk 0:48:28]} 52. f3+ {[%clk 0:30:33]} Kg3
{[%clk 0:47:59]} 53. Bc7 {[%clk 0:30:52]} h5 {[%clk 0:47:44]} 54. Bxf4+
{[%clk 0:31:13]} Kh4 {[%clk 0:48:04]} 55. Bc7 {[%clk 0:30:29]} Kg5
{[%clk 0:47:37]} 56. f4+ {[%clk 0:30:26]} Kf6 {[%clk 0:47:32]} 57. f5
{[%clk 0:30:31]} Ke7 {[%clk 0:47:36]} 58. Be5 {[%clk 0:30:20]} h4
{[%clk 0:47:40]} 59. Kf3 {[%clk 0:30:22]} h3 {[%clk 0:47:21]} 60. Kg3
{[%clk 0:30:45]} h2 {[%clk 0:47:43]} 61. Kxh2 {[%clk 0:30:39]} Kf7
{[%clk 0:48:04]} 62. f6 {[%clk 0:30:29]} Kg6 {[%clk 0:48:13]} 63. Kg3
{[%clk 0:30:44]} Kf7 {[%clk 0:48:34]} 64. Kg4 {[%clk 0:30:59]} Kg6
{[%clk 0:48:54]} 65. Bd4 {[%clk 0:31:13]} Kf7 {[%clk 0:49:15]} 66. Kf5
{[%clk 0:31:35]} Ke8 {[%clk 0:49:35]} 67. Ke6 {[%clk 0:31:41]} Kf8
{[%clk 0:49:44]} 68. Bc5+ {[%clk 0:31:52]} 1-0

[Event "MSR_ch16"]
[Site "?"]
[Date "2024.04.08"]
[Round "5.17"]
[White "Cerven, Samuel"]
[Black "Tonhajzer, Matus"]
[Result "0-1"]
[BlackElo "1549"]
[WhiteElo "1732"]
[LiveChessVersion "1.4.8"]

1. e4 {[%clk 1:30:42]} e6 {[%clk 1:30:53]} 2. d4 {[%clk 1:30:47]} d5
{[%clk 1:31:05]} 3. Nc3 {[%clk 1:30:55]} Nf6 {[%clk 1:30:58]} 4. e5
{[%clk 1:30:49]} Nfd7 {[%clk 1:31:19]} 5. Nce2 {[%clk 1:30:50]} c5
{[%clk 1:31:28]} 6. c3 {[%clk 1:30:07]} Nc6 {[%clk 1:31:29]} 7. Nf3
{[%clk 1:30:08]} Be7 {[%clk 1:31:03]} 8. a3 {[%clk 1:29:12]} a5 {[%clk 1:29:03]}
9. Nf4 {[%clk 1:23:06]} O-O {[%clk 1:23:20]} 10. Bd3 {[%clk 1:21:22]} Rb8
{[%clk 1:20:08]} 11. h4 {[%clk 1:16:47]} h6 {[%clk 1:12:15]} 12. Ng5
{[%clk 0:51:27]} Bxg5 {[%clk 1:04:55]} 13. hxg5 {[%clk 0:51:30]} Qxg5
{[%clk 1:02:59]} 14. Rh5 {[%clk 0:51:32]} Qe7 {[%clk 0:58:42]} 15. Be3
{[%clk 0:46:04]} b5 {[%clk 0:55:15]} 16. Nh3 {[%clk 0:45:25]} f6 {[%clk 0:43:25]}
17. Nf4 {[%clk 0:33:32]} Qe8 {[%clk 0:37:04]} 18. Bg6 {[%clk 0:26:39]} Qe7
{[%clk 0:36:49]} 19. Qg4 {[%clk 0:25:51]} fxe5 {[%clk 0:29:05]} 20. Qxe6+
{[%clk 0:25:53]} Qxe6 {[%clk 0:28:53]} 21. Nxe6 {[%clk 0:26:07]} Rf6
{[%clk 0:28:27]} 22. Bf5 {[%clk 0:26:21]} Nf8 {[%clk 0:26:27]} 23. dxe5
{[%clk 0:25:58]} Rf7 {[%clk 0:25:15]} 24. Nxg7 {[%clk 0:22:39]} Rxg7
{[%clk 0:24:07]} 25. Bxh6 {[%clk 0:22:24]} Rxg2 {[%clk 0:23:54]} 26. O-O-O
{[%clk 0:22:25]} Rxf2 {[%clk 0:23:28]} 27. Rg1+ {[%clk 0:22:25]} Kf7
{[%clk 0:23:48]} 28. Bxf8 {[%clk 0:21:25]} Rxf5 {[%clk 0:23:24]} 29. Rxf5+
{[%clk 0:21:03]} Bxf5 {[%clk 0:23:41]} 30. Bd6 {[%clk 0:21:22]} Rg8
{[%clk 0:23:08]} 31. Rf1 {[%clk 0:21:26]} Ke6 {[%clk 0:22:54]} 32. Bxc5
{[%clk 0:21:49]} Kxe5 {[%clk 0:22:39]} 33. Bd4+ {[%clk 0:22:01]} Nxd4
{[%clk 0:22:12]} 34. cxd4+ {[%clk 0:22:25]} Ke6 {[%clk 0:22:19]} 35. Kd2
{[%clk 0:22:40]} Rg2+ {[%clk 0:21:55]} 36. Kc3 {[%clk 0:23:02]} Be4
{[%clk 0:20:49]} 37. Rf8 {[%clk 0:22:56]} Rg3+ {[%clk 0:19:52]} 38. Kd2
{[%clk 0:23:16]} Rd3+ {[%clk 0:19:36]} 39. Kc1 {[%clk 0:23:05]} Rxd4
{[%clk 0:19:23]} 40. Rb8 {[%clk 0:23:18]} b4 {[%clk 0:18:48]} 41. axb4
{[%clk 0:23:40]} Rxb4 {[%clk 0:19:00]} 42. Ra8 {[%clk 0:24:03]} a4
{[%clk 0:18:54]} 43. Ra7 {[%clk 0:23:37]} Ke5 {[%clk 0:17:22]} 44. Rc7
{[%clk 0:21:39]} Rc4+ {[%clk 0:15:20]} 0-1